00461 2200193 4500001002100000008004100021035002000062245004700082100001800129250000600147260003000153300001200183084001400195082000800209650001400217990001200231990001200243990001200255INLIS000000000000448 ind  a0010-0424000424 aKamus Inggris - IndonesiacJohn M. Echolis aEcholis, John a1 aJakarta :bGramediac2014 a824 hlm a423 JOH k a423 aReferensi a0722593 a0722594 a0722595